| 000 | 00666nam a2200217Ia 4500 | ||
|---|---|---|---|
| 003 | Ost | ||
| 005 | 20260507075659.0 | ||
| 008 | 260507s9999||||xx |||||||||||||| ||und|| | ||
| 020 | _a944009957 | ||
| 040 | _cfsecg | ||
| 041 | _aara | ||
| 100 |
_aأبو حمد، رضا صاحب _eمؤلف |
||
| 245 | 0 |
_aمفاهيم ادارية معاصرة / _c رضا صاحب أبو حمد |
|
| 260 |
_aعمان: _bمؤسسة الوراق, _c2002 |
||
| 300 | _a266 صفحة؛ | ||
| 653 | _aادارة الاعمال | ||
| 653 | _aاستراتيجيات | ||
| 653 | _aتسويق دولي | ||
| 700 |
_aالموسوي، سنان _eمؤلف ثانوي |
||
| 942 | _cكتاب | ||
| 999 |
_c45792 _d45792 |
||